Planning your personal finances

This book introduction about foundations of financial flanning, managing credit, managing insurance needs, managing investments, retirement and estate planning...

Guardat en:
Dades bibliogràfiques
Autor principal: Joehnk, Michael D.
Format: Llibre
Idioma:Undetermined
Publicat: United States Thomson c2008
Matèries:
Etiquetes: Afegir etiqueta
Sense etiquetes, Sigues el primer a etiquetar aquest registre!
Thư viện lưu trữ: Trung tâm Học liệu Trường Đại học Cần Thơ
LEADER 00727nam a2200205Ia 4500
001 CTU_153149
008 210402s9999 xx 000 0 und d
020 |c 103.37 
082 |a 332.024 
082 |b J64 
100 |a Joehnk, Michael D. 
245 0 |a Planning your personal finances 
245 0 |c Michael D. Joehnk, Lawrence J. Gitman 
260 |a United States 
260 |b Thomson 
260 |c c2008 
520 |a This book introduction about foundations of financial flanning, managing credit, managing insurance needs, managing investments, retirement and estate planning... 
650 |a Finance, Personal,Tài chính, cá nhân 
904 |i QHieu 
980 |a Trung tâm Học liệu Trường Đại học Cần Thơ